| 000 | 00413nam a2200157Ia 4500 | ||
|---|---|---|---|
| 008 | 240729s9999 xx 000 0 und d | ||
| 022 | _a2339-093X | ||
| 245 | 0 | _aSains Medika | |
| 260 | _aIndonesia | ||
| 260 | _bUniversitas Sultan Agung Semarang | ||
| 650 | _a Medicine (General) | ||
| 650 | _aMedicine | ||
| 856 | _uhttps://doaj.org/toc/0df800bd923b4333b3bfb267a30e8219 | ||
| 942 | _2ddc | ||
| 942 | _cDOAJEJ | ||
| 999 |
_c66299 _d66299 |
||
| 945 |
_a1 _bMadushi Gamage _c1 _dMadushi Gamage |
||